01001nam a2200181 a 450000100060000000300090000600800410001504000280005608200140008410000210009824500340011926000370015330000080019050505540019865000210075265000230077365000230079622551CO-ViMGA141112s2004 ck r 000 u spa d aCO-ViMGAbspacCO-ViMGA04a741 S155G1 aSanmiguel, David10aGuia completa para el artista aBarcelona : bParramón, c2004 a255 aEl dibujo materiales y medios : el lápiz de grafito, el carboncillo, lapices de colores, tinta y rotuladores 10 - 52 - - El dibujo fundamentos tecnicos : La comprensión de la forma, perspectiva básica, el sombreado 56 - 94 - - La pintura Materiales y medios pictóricos : Los pasteles, la acuarela y el guache, la pintura y el oleo, la pintura acrilica 98 - 152 - - La pintura fundamentos tecnicos : El color, la composición 156 - 190 - - Procesos pictóricos los temas artísticos : La figura humana, el paisaje, el bodegón 194 - 252 14aDIBUJO ARTISTICO14aPINTURA - TECNICAS14aPINTURA - TECNICAS